Normal view
MARC view
- تأليف باول، اللورد بان ؛ تعريب رشيد شقير
Entry Personal Name
001 - CONTROL NUMBER
- control field: 40370
003 - CONTROL NUMBER IDENTIFIER
- control field: JO-AjAnu
005 - DATE AND TIME OF LATEST TRANSACTION
- control field: 20230606080715.0
008 - FIXED-LENGTH DATA ELEMENTS
- fixed length control field: 230606|| aca||aabn | a|a d
040 ## - CATALOGING SOURCE
- Original cataloging agency: JO-AjAnu
- Transcribing agency: JO-AjAnu
100 ## - HEADING--PERSONAL NAME
- Personal name: تأليف باول، اللورد بان ؛ تعريب رشيد شقير
670 ## - SOURCE DATA FOUND
- Source citation: Work cat.: (JO-AjAnu)20695: تأليف باول، اللورد بان ؛ تعريب رشيد شقير, author, دليل القائد